Normal view
MARC view
- Sanctis, V.J
Entry Personal Name
001 - CONTROL NUMBER
- control field: 6398
003 - CONTROL NUMBER IDENTIFIER
- control field: OSt
005 - DATE AND TIME OF LATEST TRANSACTION
- control field: 20241101150514.0
008 - FIXED-LENGTH DATA ELEMENTS
- fixed length control field: 241101|| aca||aabn | a|a d
040 ## - CATALOGING SOURCE
- Original cataloging agency: OSt
- Transcribing agency: OSt
100 ## - HEADING--PERSONAL NAME
- Personal name: Sanctis, V.J
670 ## - SOURCE DATA FOUND
- Source citation: Work cat.: (OSt)2185: Monga, G.S . 6397, Nonconventional energy growth, resources and policies / , 1994.
